Municipalities of Kumamoto Prefecture - Statistics

General Stats
  • This quiz has been taken 565 times
  • The average score is 26 of 45
Answers on the Map
Answers color-coded by a green-red scale on the quiz's map according to % correct below.
 
Answer Stats
Answer % Correct
Kuma 球磨
100%
Kumamoto 熊本
100%
Amakusa 天草
88%
Aso 阿蘇
88%
Yatsushiro 八代
83%
Minamata 水俣
76%
Tamana 玉名
73%
Kami-Amakusa 上天草
71%
Minamiaso 南阿蘇
71%
Uto 宇土
71%
Kikuchi 菊池
70%
Hitoyoshi 人吉
66%
Uki 宇城
65%
Arao 荒尾
64%
Yamaga 山鹿
63%
Reihoku 苓北
62%
Oguni 小國
61%
Mashiki 益城
60%
Minamioguni 南小国
60%
Kikuyo 菊陽
59%
Ashikita 芦北
58%
Koshi 合志
55%
Ozu 大津
55%
Nagasu 長洲
50%
Takamori 高森
50%
Asagiri あさぎり
49%
Gyokuto 玉東
49%
Yamato 山都
49%
Tsunagi 津奈木
48%
Nagomi 和水
47%
Nishihara 西原
47%
Mifune 御船
46%
Nankan 南関
46%
Ubuyama 産山
46%
Hikawa 氷川
45%
Kashima 嘉島
44%
Itsuki 五木
43%
Misato 美里
43%
Taragi 多良木
42%
Yunomae 湯前
42%
Mizukami 水上
41%
Nishiki 錦
41%
Sagara 相良
39%
Yamae 山江
37%
Kosa 甲佐
31%
No matching quizzes found
Score Distribution
Percent of People with Each Score
Percentile by Number Answered
Your Score History
You have not taken this quiz